| 000 | 01230nam0a22002891 4500 | ||
|---|---|---|---|
| 001 | rc\2808856 | ||
| 005 | 20250529181319.0 | ||
| 035 | _a(NLR Aleph) 006934731 | ||
| 090 |
_a7584142 _c7584142 |
||
| 100 | _a20110915d1936 |||y0rusy50 ca | ||
| 101 | 0 | _arus | |
| 102 | _aRU | ||
| 105 | _aae j ||||| | ||
| 200 | 1 |
_aВоенная техника _eУчебник под общ. ред. и со вступ. главой командарма 2 ранга А. Седякина |
|
| 205 | _a3-е изд. | ||
| 210 |
_aМосква _cГос. воен. изд-во _d1936 _g18 тип. треста "Полиграфкнига" и "Образцовая" тип. |
||
| 215 |
_aПереплет, 427 с., 1 вкл. л. крас. ил. _cил. _d23х16 см. |
||
| 300 | _aФорзац: Б. Мухин | ||
| 300 | _aПереплет и заставки: Б. Иванов | ||
| 320 | _aБиблиогр.: "Что читать..." (с. 425-27) | ||
| 702 | 1 |
_4340 _4080 _aСедякин _bА. И. _cвоен. деятель _f1893-1938 _gАлександр Игнатьевич _9207484 _3RU\NLR\AUTH\770207537 |
|
| 801 | 0 |
_aRU _bNLR _gpsbo |
|
| 801 | 1 |
_aRU _bELAR _2rusmarc |
|
| 852 |
_aNLR _j36-4/1024 |
||
| 942 | _cBOOK | ||
| 980 | _aNB | ||